000 01690 a2200205 4500
001 30078
005 20260407155611.0
008 260407a1958 arg spa d
003 AR-UNSa-BCEJYS
040 _aAR-UNSa-BCEJYS
_bspa
_cAR-UNSa-BCEJYS
080 _a657.474.2
_xRelaciones entre la contabilidad comercial y la contabilidad de costes
245 1 0 _aManual de control de costos
264 1 _aMéxico :
_bUnión Tipográfica Editorial Hispano-Americana (UTEHA)
_c1958
300 _a1558 p.
_c20 cm.
505 _a1. Informes,análisis y control - 2. Análisis de las variaciones - 3. Clasificaciones de los costos - 4. El departamento de costos - 5. Organización de los registros de costos - 6. Fijación de los costos estándar - 7. Operación de los costos estándar - 8. Sistemas de costos por órdenes específicas - 9. Sistemas de costos por procesos continuos - 10. Costos de producción conjunta y subproductos - 11. Costos estimados - 12. Compras de materiales - 13. Costos e inventarios de materiales - 14. Desecho,desperdicio y producción defectuosa - 15. Medición del tiempo y nóminas de salarios - 16. Costos de la mano de obra - 17. Acumulación de los gastos indirectos - 18. Distribución de los gastos indirectos - 19. Los gastos indirectos y el costo del producto - 20. Los gastos indirectos y la capacidad normal - 21. Costos de investigación y desarrollo - 22. Activo de fábrica y depreciación - 23. Presupuestos - 24. Las asociaciones de fabricantes y los sistemas uniformes de costos - 25. Métodos estadísticos y matemáticos.
942 _cBK
590 _aniveau_biblio:m niveau_hierar:0
100 1 _aLang, Theodore
700 1 _aCardenas, Ramon C.
999 _c2005
_d2005